000 00427nam a2200169Ia 4500
003 IT-RoPAU
008 120407s9999 xx 000 0 und d
040 _aIT-RoPAU
040 _cIT-RoPAU
100 _aGuglielmo Sasinini
245 _aAlle radici dei cedri. Il dramma libanese le Chiese il Sinodo della speranza
260 _aSan Paolo Edizioni
300 _c cm
490 _v1
700 _aCamille Eid
942 _cBK
999 _c10563
_d10563